MARC

Tag First Indicator Second Indicator Subfields
LEADER 00000cam a2200000 i 4500
001 in00004096421
005 20211120103337.0
006 m o d f
007 cr |||||||||||
008 181103s2016 couab ob f000 0 eng c
035 |a (OCoLC)on1060648338 
042 |a pcc 
043 |a n-us-ak 
040 |a MNY  |b eng  |e rda  |e pn  |c MNY  |d MNY  |d OCLCF  |d OCLCQ  |d GPO  |d MvI 
049 |a WWW 
074 |a 0646-R (online) 
086 0 |a I 29.89:2016/1129 
088 |a NPS 181/131429 
100 1 |a Zanon, Jacob,  |e author. 
245 1 0 |a Aniakchak National Monument and Preserve :  |b natural resource condition assessment /  |c Jacob Zanon [and eight others] ; GeoSpatial Services, Saint Mary's University of Minnesota. 
246 3 0 |a Natural resource condition assessment 
264 1 |a Fort Collins, Colorado :  |b U.S. Department of Interior, National Park Service, Natural Resource Stewardship and Science,  |c 2016. 
300 |a 1 online resource (xxi, 139 pages) :  |b illustrations (some color), color maps. 
336 |a text  |b txt  |2 rdacontent 
337 |a computer  |b c  |2 rdamedia 
338 |a online resource  |b cr  |2 rdacarrier 
490 1 |a Natural resource report ;  |v NPS/ANIA/NRR--2016/1129 
500 |a "February 2016." 
500 |a "NPS 181/131429"--Page ii. 
500 |a "Experience your America"--Page 4 of cover. 
504 |a Includes bibliographical references. 
588 |a Description based on online resource; title from PDF title page (NPS website, viewed November 7, 2019). 
651 0 |a Aniakchak National Monument and Preserve (Alaska)  |x Environmental conditions. 
650 0 |a Natural resources  |z Alaska  |z Aniakchak National Monument and Preserve. 
650 0 |a Ecological surveys  |z Alaska  |z Aniakchak National Monument and Preserve. 
650 0 |a Ecology  |z Alaska  |z Aniakchak National Monument and Preserve. 
650 0 |a Environmental monitoring  |z Alaska  |z Aniakchak National Monument and Preserve. 
650 0 |a Biotic communities  |z Alaska  |z Aniakchak National Monument and Preserve. 
710 2 |a GeoSpatial Services. 
710 1 |a United States.  |b National Park Service.  |b Natural Resource Stewardship and Science,  |e issuing body. 
776 0 8 |i Print version:  |t Aniakchak National Monument and Preserve  |w (OCoLC)964525590 
830 0 |a Natural resources report ;  |v 2016/1129. 
856 4 0 |u https://purl.fdlp.gov/GPO/gpo128143  |t 0 
999 f f |s e01ac809-337a-3258-a9e5-66dc0e243134  |i 713c07e3-0433-36b3-99e1-4ea3f6a8d350  |t 0 
952 f f |a Texas A&M University  |b College Station  |c Electronic Resources  |d Available Online  |t 0  |e I 29.89:2016/1129  |h Superintendent of Documents classification 
998 f f |a I 29.89:2016/1129  |t 0  |l Available Online